000
00401nam a2200145Ia 4500
008
100204s9999 xx 000 0 und d
082
_b
13295
100
_a
सावंत माया
245
_a
बेबंद
260
_b
"रेणूका प्रकाशन , पुणे"
_c
1990
300
_a
148
630
_a
बेबंद
730
_a
बेबंद
942
_c
BOOK
999
_c
457727
_d
457724